Normal view
MARC view
- رزق،اوسلا وآخرون ؛ تحرير: عبير سعد، زغلول عيسوي
Entry Personal Name
001 - CONTROL NUMBER
- control field: 57403
003 - CONTROL NUMBER IDENTIFIER
- control field: JO-AjAnu
005 - DATE AND TIME OF LATEST TRANSACTION
- control field: 20230606083412.0
008 - FIXED-LENGTH DATA ELEMENTS
- fixed length control field: 230606|| aca||aabn | a|a d
040 ## - CATALOGING SOURCE
- Original cataloging agency: JO-AjAnu
- Transcribing agency: JO-AjAnu
100 ## - HEADING--PERSONAL NAME
- Personal name: رزق،اوسلا وآخرون ؛ تحرير: عبير سعد، زغلول عيسوي
670 ## - SOURCE DATA FOUND
- Source citation: Work cat.: (JO-AjAnu)29287: رزق،اوسلا وآخرون ؛ تحرير: عبير سعد، زغلول عيسوي, author, مشروع تيوننج الشرق الأوسط وشمال أفريقيا: نقاط مرجعية لتصميم وتقديم برامج جامعية في التمريض